| 000 | 02535nam a22004213a 4500 | ||
|---|---|---|---|
| 001 | on1245241760 | ||
| 003 | OCoLC | ||
| 005 | 20210511142246.0 | ||
| 008 | 210406s2021 utu 000 0 eng d | ||
| 020 | _a9781524415426 | ||
| 020 | _a1524415421 | ||
| 035 | _a(OCoLC)1245241760 | ||
| 040 |
_aUWB _cUWB _dOCLCO _erda |
||
| 092 | _aF | ||
| 100 | 1 |
_aMoore, Heather B. _95706815 |
|
| 245 | 1 | 0 |
_aUntil Vienna : _bromance on the Orient Express / _cHeather B. Moore. |
| 246 | _bRomance on the Orient Express | ||
| 246 | _bRomance on the Orient Express book three | ||
| 246 | _bRomance on the Orient Express book 3 | ||
| 264 | 1 |
_aAmerican Fork, UT : _bCovenant Communications, Inc., _c2021. |
|
| 264 | 4 | _c©2021 | |
| 300 |
_a154 pages : _c23 cm |
||
| 336 | _atext | ||
| 337 | _aunmediated | ||
| 338 | _avolume | ||
| 490 | 1 |
_aRomance on the Orient Express ; _vbk. 3. |
|
| 500 | _aIncludes a sneak peek of Jen Geigle Johnson's romance on the Orient Express book, Song of Salzburg. | ||
| 520 | _aGeorgina Ballard has been disappointed in love more than a few times, a fact that she is uncomfortably aware of amid her sister's wedding preparations. When her elderly aunt Rowena requests that Gigi accompany her on an art tour across Europe, Gigi hesitates but eventually resigns herself to the train journey alongside a group of aged art connoisseurs, if only to mollify her aunt. Once aboard the Orient Express, Gigi is pleased to discover that not everyone on the tour is in their twilight years: Clyde Haskins, an energetic young art professor from the University of London, will serve as the group s tour guide. Clyde is equally intrigued that a young lady has joined the tour, and Aunt Rowena and her friends immediately set out to play matchmaker. Clyde and Gigi both find humor in Aunt Rowena's antics despite knowing that each is determined to keep their heart carefully guarded. Yet, the enchantment of their European exploration weaves an undeniable spell between them. When their journey ends, can their holiday love story endure the obstacles of real life? | ||
| 650 | 0 |
_aOrient Express (Express train) _vFiction. _95796612 |
|
| 650 | 0 |
_aMan-woman relationships _vFiction. _95674079 |
|
| 650 | 0 | _aChristian fiction. | |
| 650 | 0 | _aRomance fiction. | |
| 650 | 0 |
_aRegency fiction. _95723710 |
|
| 650 | 0 |
_aChristian fiction _xMormon authors. _96366079 |
|
| 650 | 0 | _aLDS fiction. | |
| 830 | 0 |
_aRomance on the Orient Express ; _vbk. 3. _96394365 |
|
| 942 |
_2ddc _cBOOK |
||
| 999 |
_c360233 _d360233 |
||